Springer handbook of atomic, molecular, and optical physics / (Record no. 21703)

MARC details
000 -LEADER
fixed length control field 01769cam a2200433 i 4500
001 - CONTROL NUMBER
control field 14050398
003 - CONTROL NUMBER IDENTIFIER
control field EG-ScBUE
005 - DATE AND TIME OF LATEST TRANSACTION
control field 20250731115438.0
006 - FIXED-LENGTH DATA ELEMENTS--ADDITIONAL MATERIAL CHARACTERISTICS--GENERAL INFORMATION
fixed length control field m||||fq||h 00| 0
008 - FIXED-LENGTH DATA ELEMENTS--GENERAL INFORMATION
fixed length control field 050725t2006 nyua f bf 001 0 eng d
020 ## - INTERNATIONAL STANDARD BOOK NUMBER
International Standard Book Number 9780387208022 (acid-free paper)
020 ## - INTERNATIONAL STANDARD BOOK NUMBER
International Standard Book Number 038720802X (acid-free paper)
040 ## - CATALOGING SOURCE
Original cataloging agency NLC
Language of cataloging eng
Description conventions rda
Transcribing agency NLC
Modifying agency MUB
-- DLC
-- EG-ScBUE
082 04 - DEWEY DECIMAL CLASSIFICATION NUMBER
Edition number 22
Classification number 539.7
Item number SPR
245 00 - TITLE STATEMENT
Title Springer handbook of atomic, molecular, and optical physics /
Statement of responsibility, etc editor Gordon W. F. Drake.
246 30 - VARYING FORM OF TITLE
Title proper/short title Handbook of atomic, molecular, and optical physics
246 30 - VARYING FORM OF TITLE
Title proper/short title Atomic, molecular and optical physics
264 #1 - PUBLICATION, DISTRIBUTION, ETC. (IMPRINT)
Place of publication, distribution, etc New York :
Name of publisher, distributor, etc Springer,
Date of publication, distribution, etc [2006]
264 #4 - PUBLICATION, DISTRIBUTION, ETC. (IMPRINT)
Date of publication, distribution, etc c2006
300 ## - PHYSICAL DESCRIPTION
Extent lviii, 1504 pages :
Other physical details illustrations ;
Dimensions 25 cm +
Accompanying material 1 CD
336 ## - CONTENT TYPE
Source rdacontent
Content type term text
Content type code txt
336 ## - CONTENT TYPE
Source rdacontent
Content type term sounds
Content type code snd
337 ## - MEDIA TYPE
Media type term unmediated
Source rdamedia
Media type code n
337 ## - MEDIA TYPE
Media type term audio
Source rdamedia
Media type code s
338 ## - CARRIER TYPE
Carrier type term volume
Carrier type code nc
Source rdacarrier
338 ## - CARRIER TYPE
Carrier type term computer disc
Carrier type code cd
Source rdacarrier
500 ## - GENERAL NOTE
General note Accompanying CD-ROM contains ... "a fully searchable ... version of the contents"--P. [4] of cover.
504 ## - BIBLIOGRAPHY, ETC. NOTE
Bibliography, etc Includes bibliographical references and index.
538 ## - SYSTEM DETAILS NOTE
System details note System requirements for accompanying CD-ROM: 95/98/ME 32MB RAM, Windows NT 4/2000/XP 64 MB RAM; MAC OS9 or higher, 64 MB RAM, 333 MHz recommemded; LINUX Pentium I/166 MHz, 64 MB RAM.
650 #7 - SUBJECT ADDED ENTRY--TOPICAL TERM
Topical term or geographic name as entry element Atoms
Form subdivision Handbooks, manuals, etc.
Source of heading or term BUEsh
650 #7 - SUBJECT ADDED ENTRY--TOPICAL TERM
Topical term or geographic name as entry element Physics
Form subdivision Handbooks, manuals, etc.
Source of heading or term BUEsh
9 (RLIN) 39929
650 #7 - SUBJECT ADDED ENTRY--TOPICAL TERM
Topical term or geographic name as entry element Molecules
Form subdivision Handbooks, manuals, etc.
Source of heading or term BUEsh
9 (RLIN) 39930
650 #7 - SUBJECT ADDED ENTRY--TOPICAL TERM
Topical term or geographic name as entry element Optics
Form subdivision Handbooks, manuals, etc.
Source of heading or term BUEsh
9 (RLIN) 39931
651 ## - SUBJECT ADDED ENTRY--GEOGRAPHIC NAME
Source of heading or term BUEsh
653 ## - INDEX TERM--UNCONTROLLED
Resource For college Engineering, General
Arrived date list May2016
655 ## - INDEX TERM--GENRE/FORM
Form subdivision Reading book
700 1# - ADDED ENTRY--PERSONAL NAME
Personal name Drake, Gordon W. F.,
Relator term editor.
942 ## - ADDED ENTRY ELEMENTS (KOHA)
Source of classification or shelving scheme Dewey Decimal Classification
Koha item type Book - Borrowing
Holdings
Withdrawn status Lost status Source of classification or shelving scheme Damaged status Not for loan Collection code Home library Current library Shelving location Date acquired Source of acquisition Cost, normal purchase price Total Checkouts Full call number Barcode Date last seen Date checked out Koha item type Price effective from
    Dewey Decimal Classification     Baccah Central Library Central Library Ground Floor 04/05/2016 Purchase 1100.00 1 539.7 SPR 000032435 15/07/2025 11/05/2016 Reference (NB)  
    Dewey Decimal Classification     Baccah Central Library Central Library First floor 04/05/2016 Purchase     539.7 SPR 000032436 24/08/2022   CD | DVD - With book (NB) 04/05/2016